| 000 | 00809pam a2200205 a 4500 | ||
|---|---|---|---|
| 020 | _a0070372268 | ||
| 082 | 0 | 0 |
_a624.177 _bLEO _cL-20, P-177. |
| 100 | 1 |
_aLeonard, John W. _942935 |
|
| 245 | 1 | 0 |
_aTension structures : _bbehavior and analysis / _cJohn W. Leonard. |
| 260 |
_aNew York : _bMcGraw-Hill, _cc1988. |
||
| 300 |
_ax, 400 p. : _bill. ; _c24 cm. |
||
| 500 | _aIncludes index. | ||
| 500 | _aOutgrowth of a series of lectures presented during 1983 at the Politecnico de Milano and a special course taught during 1985 in the Civil Engineering Dept. of the Oregon State University. | ||
| 526 |
_a0 _b0 _c0 _d624_177000000000000_LEO |
||
| 650 | 0 |
_aCable structures. _942936 |
|
| 650 | 0 |
_aLightweight construction. _930206 |
|
| 650 | 0 |
_aMCE _9379 |
|
| 650 | 0 |
_aTensile architecture. _942937 |
|
| 942 |
_2ddc _cBK |
||
| 999 |
_c546740 _d546740 |
||